| 000 | 01263nam a2200241 a 4500 | ||
|---|---|---|---|
| 001 | 39454 | ||
| 003 | BD-RjUL | ||
| 005 | 20211209053008.0 | ||
| 008 | 160411s1996 bg ||||| |||| 00| 0 ben d | ||
| 020 |
_a984050172X _c: TK. 250.00 |
||
| 035 | _a(BD-RjUL)39567 | ||
| 040 |
_aBD-RjUL _bben _cBD-RjUL |
||
| 041 | _aben | ||
| 082 |
_223 _a343.5492099 _bBAN 1996 |
||
| 245 |
_aবাংলাদেশ * গণমাধ্যম * আইন * ও * বিধিমালা / _cআবু নছর মোঃ গাজীউল হক সংকলিত |
||
| 260 |
_aঢাকা : _bএশিয়ান মিডিয়া ইনফরমেশন এন্ড কম্যুনিকেশন সেন্টার (এ্যামিক) ; _bইউনিভার্সিটি প্রেস লিমিটেড, _c১৯৯৬. |
||
| 300 |
_a[৮] ২৩৫ পৃ. ; _c২২ সেমি. |
||
| 504 | _aপরিশিষ্ট সংযুক্ত | ||
| 650 |
_aগণমাধ্যম _vআইন ও বিধিমালা _zবাংলাদেশ _9121604 |
||
| 650 |
_a Mass media _vLaw and legislation _z Bangladesh _9121605 |
||
| 700 |
_aহক, আবু নছর মোঃ গাজীউল, সংকলক _9121610 |
||
| 942 |
_2ddc _cBK |
||
| 999 |
_c39454 _d39454 |
||